Auditoría (Registro nro. 1782)
[ vista simple ]
| 000 -LEADER | |
|---|---|
| fixed length control field | 01212 a2200241 4500 |
| 001 - CONTROL NUMBER | |
| control field | 28992 |
| 005 - DATE AND TIME OF LATEST TRANSACTION | |
| control field | 20260407155559.0 |
| 008 - FIXED-LENGTH DATA ELEMENTS--GENERAL INFORMATION | |
| fixed length control field | 260407a1945 arg spa d |
| 003 - CONTROL NUMBER IDENTIFIER | |
| control field | AR-UNSa-BCEJYS |
| 040 ## - CATALOGING SOURCE | |
| Original cataloging agency | AR-UNSa-BCEJYS |
| Language of cataloging | spa |
| Transcribing agency | AR-UNSa-BCEJYS |
| 080 ## - UNIVERSAL DECIMAL CLASSIFICATION NUMBER | |
| Universal Decimal Classification number | 657 |
| Common auxiliary subdivision | Contabilidad |
| 041 ## - LANGUAGE CODE | |
| Language code of text/sound track or separate title | spa |
| 100 1# - MAIN ENTRY--PERSONAL NAME | |
| Personal name | Coulter Davies, Ernest |
| 245 10 - TITLE STATEMENT | |
| Title | Auditoría |
| 250 ## - EDITION STATEMENT | |
| Edition statement | 2a. ed. |
| 264 #1 - PRODUCTION, PUBLICATION, DISTRIBUTION, MANUFACTURE, AND COPYRIGHT NOTICE | |
| Place of production, publication, distribution, manufacture | México : |
| Name of producer, publisher, distributor, manufacturer | Unión Tipográfica Editorial Hispano-Americana (UTEHA) |
| Date of production, publication, distribution, manufacture, or copyright notice | 1945 |
| 300 ## - PHYSICAL DESCRIPTION | |
| Extent | 410 p. |
| Dimensions | 25 cm. |
| 505 ## - FORMATTED CONTENTS NOTE | |
| Formatted contents note | 1. Preparación de la auditoría - 2. Procedimiento de la auditoría - 3. Efectivo en caja y fondos en caja - 4. Cuentas por cobrar - 5. Inventarios - 6. Inversiones y cargos diferidos - 7. Activo fijo - 8. Valuación del activo fijo; Activo sujeto a agotamiento; Activo intangible - 9. Pasivo circulante - 10. Deuda consolidada-reservas-obligaciones contingentes - 11. Patrimonio; Pérdidas y ganancias - 12. Terminación de la auditoría - 13. Certificados - 14. Características especiales de varias industrias - 15. Auditorías detalladas y auditorías internas |
| 590 ## - LOCAL NOTE (RLIN) | |
| Local note | niveau_biblio:m niveau_hierar:0 |
| 700 1# - ADDED ENTRY--PERSONAL NAME | |
| Personal name | Elliot, Lester M. |
| 700 1# - ADDED ENTRY--PERSONAL NAME | |
| Personal name | Civera, Marin |
| 942 ## - ADDED ENTRY ELEMENTS (KOHA) | |
| Koha item type | |
| Withdrawn status | Lost status | Damaged status | Not for loan | Home library | Current library | Shelving location | Date acquired | Total checkouts | Full call number | Barcode | Date last seen | Price effective from | Koha item type |
|---|---|---|---|---|---|---|---|---|---|---|---|---|---|
| Biblioteca Prof. Eusebio Cleto del Rey | Biblioteca Prof. Eusebio Cleto del Rey | 07/04/2026 | 657 H658 v.8 2ed. | L21906 | 07/04/2026 | 07/04/2026 | Libro |